| 000 | 01300cam a22001814a 4500 | ||
|---|---|---|---|
| 005 | 20250605164028.0 | ||
| 008 | 250528s ||||||||||||||||||||||||d | ||
| 035 | _a16522 | ||
| 040 |
_aGR-AtMCL _bgre _dGR-AtMCL _eAACR2 |
||
| 245 | 1 | _aΕπιτομή της Ιστορίας της Ελληνικης Γλώσσας / Γ' Γυμνασίου | |
| 260 |
_bΟργανισμός Εκδόσεων Διδακτικών Βιβλίων, _c1989 |
||
| 300 | _a72 | ||
| 520 | _aΕισαγωγή, Οι Αρχές της Γλωσσικής μας Ιστορίας, Αρχαίες Ελληνικές Διάλεκτοι: Η Αττική Διάλεκτος, Κείμενα: Αττικοί Πεζογράφοι (Ιστοριογραφία - Ρητορική - Φιλοσοφία) και Ποιητές, Η Ελληνιστική Κοινή, Η Δημώδης Βυζαντινή Γλώσσα: Νεοελληνικές Διαλέκτοι και Νεοελληνική Κοινή, Κείμενα Δημώδη Βυζαντινά - Κείμενα Τουρκοκρατίας, Η Καθαρεύουσα, Κείμενα Αρχαϊζουσας και Απλής Καθαρεύουσας, Επίμετρο. | ||
| 700 | 1 |
_aΤομπαίδης Δημήτριος Ε _92622 |
|
| 942 | _cBK | ||
| 999 |
_c2016 _d2016 |
||